01149nam a2200289 a 450000100060000000300080000600500170001400800410003103500190007204000310009104100110012208200260013310000440015924501880020325000210039126000530041230000330046550000710049850400410056965000250061065000240063565000300065970000340068970000400072370000320076383000640079569947BD-RjUL20211209081940.0170415s1963 njua b 001 0 eng d a(BD-RjUL)70159 aDLC/ICUcICUdBD-RjULbeng1 aengrus00223a530.143bABM 19631 aAbrikosov, A. A.q(Aleksei Alekseevich)10aMethods of quantum field theory in statistical physics /c[by] A. A. Abrikosov, L. P. Gorkov [and] I. E. Dzyaloshinski; rev. English ed. translated and edited by Richard A. Silverman. aRev. English ed. aEnglewood Cliffs, N.J. :bPrentice-Hall,cc1963. axv, 352 p. :bill. ;c24 cm. aRev. English translation of Metody kvantovoĭ teorii poli︠a︡. aIncludes bibliographies and indexes. 0aQuantum field theory 0aQuantum statistics. 0aLow temperature research. aGorkov, L. P. [joint author] aDzyaloshinski, I. E. [joint author] aSilverman, Richard A. [ed.] aSelected Russian publications in the mathematical sciences.